000 00550nam a2200229Ia 4500
003 OSt
005 20221005122327.0
006 a|||||r|||| 00| 0
007 ta
008 221004b |||||||| |||| 00| 0 tam d
024 _a52572
037 _cTextual
040 _aCRL
_cCRL
_btam
041 _2tam
_atam
082 _aX723, 31K9
100 _aAnnadurai Au.
_9228637
245 0 _aJaminam ozhippu
260 _c1969
650 _aECONOMICS
942 _hX723, 31K9
_cTEXL
_2cc
999 _c1043945
_d1043945